000 01470nam0a2200301 4500
001 RU\NLR\bibl\1260721
005 20250615131144.0
010 _a978-5-9632-0041-4
_9200
021 _aRU
_b2008-47793
_92639
035 _a(NLR Aleph) 001246716
090 _a293190
_c293190
100 _a20080812d2007 |||y0rusy50 ca
101 0 _arus
102 _aRU
105 _ay |||||||||
200 1 _aДуховно-нравственное воспитание сотрудников уголовно-исполнительной системы в процессе профессиональной подготовки
_eучебное пособие
_fЕ.М. Федорова
_gФедер. служба исполнения наказаний, НИИ
210 _aМосква
_cНИИ ФСИН России
_d2007
215 _a118 с.
_d21
320 _aБиблиогр.: с. 108-117 и в подстроч. примеч.
606 1 _aУголовно-исполнительная система
_jУчебные издания
_xКадры
_xВоспитательная работа
_yРоссийская Федерация
_92243025
_3RU\NLR\auth\661345818
686 _aХ628.4я7
700 1 _4070
_7ca
_8rus
_aФедорова
_bЕ. М.
_cпсихолог
_gЕкатерина Михайловна
_9149649
_3RU\NLR\AUTH\770149685
801 0 _aRU
_bNLR
_c20080812
_gRCR
801 1 _aRU
_bNLR
_c20080812
942 _cBOOK
980 _aNB